<?xml version="1.0" encoding="UTF-8"?>
<collection xmlns="http://www.loc.gov/MARC21/slim">
 <record>
  <leader>02334cam a2200361Ia 4500</leader>
  <controlfield tag="001">1/52393</controlfield>
  <controlfield tag="008">120305s2012    enka     b    001 0 eng d</controlfield>
  <datafield tag="015" ind1=" " ind2=" ">
   <subfield code="a">GBB225634</subfield>
  </datafield>
  <datafield tag="016" ind1="7" ind2=" ">
   <subfield code="a">016048683</subfield>
   <subfield code="2">Uk</subfield>
  </datafield>
  <datafield tag="020" ind1=" " ind2=" ">
   <subfield code="a">9780199658411 (hbk.)</subfield>
  </datafield>
  <datafield tag="020" ind1=" " ind2=" ">
   <subfield code="a">0199658412 (hbk.)</subfield>
  </datafield>
  <datafield tag="035" ind1=" " ind2=" ">
   <subfield code="a">(OCoLC)ocn780333082</subfield>
  </datafield>
  <datafield tag="040" ind1=" " ind2=" ">
   <subfield code="a">UKMGB</subfield>
   <subfield code="c">UKMGB</subfield>
   <subfield code="d">BTCTA</subfield>
   <subfield code="d">YDXCP</subfield>
   <subfield code="d">BWK</subfield>
   <subfield code="d">YNK</subfield>
   <subfield code="d">CDX</subfield>
   <subfield code="d">UAT</subfield>
   <subfield code="d">BWX</subfield>
   <subfield code="d">YBM</subfield>
  </datafield>
  <datafield tag="050" ind1=" " ind2="4">
   <subfield code="a">HB3717 2008</subfield>
   <subfield code="b">.A47 2012</subfield>
  </datafield>
  <datafield tag="082" ind1="0" ind2="4">
   <subfield code="a">330.9051 AFT</subfield>
   <subfield code="2">23</subfield>
  </datafield>
  <datafield tag="245" ind1="0" ind2="0">
   <subfield code="a">Aftermath :</subfield>
   <subfield code="b">the cultures of the economic crisis /</subfield>
   <subfield code="c">edited by Manuel Castells, Jo ao Cara ca, and Gustavo Cardoso.</subfield>
  </datafield>
  <datafield tag="250" ind1=" " ind2=" ">
   <subfield code="a">1st ed.</subfield>
  </datafield>
  <datafield tag="260" ind1=" " ind2=" ">
   <subfield code="a">Oxford :</subfield>
   <subfield code="b">Oxford University Press,</subfield>
   <subfield code="c">2012.</subfield>
  </datafield>
  <datafield tag="300" ind1=" " ind2=" ">
   <subfield code="a">xiv, 315 p. :</subfield>
   <subfield code="b">ill. ;</subfield>
   <subfield code="c">24 cm.</subfield>
  </datafield>
  <datafield tag="504" ind1=" " ind2=" ">
   <subfield code="a">Includes bibliographical references and index.</subfield>
  </datafield>
  <datafield tag="505" ind1="0" ind2=" ">
   <subfield code="a">The cultures of the economic crisis: an introduction / Manuel Castells, Jo ao Cara ca, and Gustavo Cardoso -- The rolling Apocalypse of contemporary history / Rosalind Williams -- The separation of cultures and the decline of modernity / Jo ao Cara ca -- The metamorphosis of a crisis / John B. Thompson -- Financial crisis or societal mutation? / Michel Wieviorka -- Branding the crisis / Sarah Banet-Weiser -- In nationalism we trust? / Terhi Rantanen -- Crisis, identity, and the welfare state / Pekka Himanen -- Surfing the crisis: cultures of belonging and networked social change / Gustavo Cardoso and Pedro Jacobetty -- Beyond the crisis: the emergence of alternative economic practices / Joana Conill, Manuel Castells, Amalia Cardenas, and Lisa Servon -- No crisis in China? The rose of China's social crisis / You-tien Hsing -- A non-global crisis? Challenging the crisis in Latin America / Ernesto Ottone.</subfield>
  </datafield>
  <datafield tag="650" ind1=" " ind2="0">
   <subfield code="a">Global Financial Crisis, 2008-2009.</subfield>
  </datafield>
  <datafield tag="650" ind1=" " ind2="0">
   <subfield code="a">Global Financial Crisis, 2008-2009</subfield>
   <subfield code="x">Social aspects.</subfield>
  </datafield>
  <datafield tag="650" ind1=" " ind2="0">
   <subfield code="a">Economics</subfield>
   <subfield code="x">Sociological aspects.</subfield>
  </datafield>
  <datafield tag="650" ind1=" " ind2="0">
   <subfield code="a">Capitalism</subfield>
   <subfield code="x">Social aspects.</subfield>
  </datafield>
  <datafield tag="650" ind1=" " ind2="4">
   <subfield code="a">Καπιταλισμός</subfield>
   <subfield code="x">Κοινωνικές απόψεις.</subfield>
  </datafield>
  <datafield tag="650" ind1=" " ind2="4">
   <subfield code="a">Παγκόσμια οικονομική κρίση, 2008 - 2009.</subfield>
  </datafield>
  <datafield tag="700" ind1="1" ind2=" ">
   <subfield code="a">Castells, Manuel,</subfield>
   <subfield code="d">1942-</subfield>
  </datafield>
  <datafield tag="700" ind1="1" ind2=" ">
   <subfield code="a">Cara ca, J. M. G.</subfield>
   <subfield code="q">(Jo ao Manuel Gaspar)</subfield>
  </datafield>
  <datafield tag="700" ind1="1" ind2=" ">
   <subfield code="a">Cardoso, Gustavo,</subfield>
   <subfield code="d">1969-</subfield>
  </datafield>
  <datafield tag="852" ind1=" " ind2=" ">
   <subfield code="a">INST</subfield>
   <subfield code="b">UNIPILB</subfield>
   <subfield code="c">MAIN</subfield>
   <subfield code="e">20210722</subfield>
   <subfield code="h">330.9051 AFT</subfield>
   <subfield code="p">00183129</subfield>
   <subfield code="q">00183129</subfield>
   <subfield code="t">LOAN</subfield>
   <subfield code="y">0</subfield>
   <subfield code="4">1</subfield>
  </datafield>
  <datafield tag="960" ind1=" " ind2=" ">
   <subfield code="a">GEORGE</subfield>
  </datafield>
  <datafield tag="960" ind1=" " ind2=" ">
   <subfield code="a">ΜΑΡΙΑ ΒΕΛ</subfield>
  </datafield>
 </record>
</collection>
